| 000 | 00806cad a22002055a 4500 | ||
|---|---|---|---|
| 001 | L154256 | ||
| 008 | 111107s2011 xxk f 000 0 eng d | ||
| 035 | _a(Sirsi) u154256 | ||
| 041 | 0 | _aeng | |
| 110 | 2 |
_aEuropean Commission _92292 |
|
| 245 | 0 | 0 |
_aConstruction _bsustainable construction _h[electronic resource] |
| 260 |
_a[S.l.] _bEC _c2011 |
||
| 520 | _aThis web page looks at a lead market initiative for Europe, life-cycle assessment in construction, and life-cycle costing in construction. | ||
| 590 | _aKA NTK | ||
| 651 | 4 | _aEurope | |
| 690 | _aBUILT ENVIRONMENT-BUILDING COSTS | ||
| 690 | _aBUILT ENVIROMENT-SUSTAINABLE CONSTRUCTION | ||
| 856 | 4 | 0 |
_uhttps://ec.europa.eu/enterprise/sectors/construction/lead-market-initiative/index_en.htm _zView the website at http://europa.eu |
| 942 | _n0 | ||
| 999 |
_c112911 _d112911 |
||